Pivo

Bibliographic Details
Main Author: Trnkalová, Lucia (Author)
Format: Article
Language:Slovak
Subjects:

MARC

LEADER 00000nab a2200000 a 4500
001 vtls000645815
003 SK-MaSNL
005 20260304094822.0
008 250425c1997 xo 0 slo
015 |a SNBRB19rr/mm-uuuuu 
035 |a CL0645954 
035 |a urn:nbn:sk:snk-abbrcj 
035 |a (urnnbn)urn:nbn:sk:snk:ar-002v5n 
035 |a (uuid)d200d798-500c-4eef-b655-ecd8c490f126 
040 |a SNKBUCL  |b slo  |c SNKBUCL  |e AACR2 
041 0 |a slo 
044 |a xo  |c SK 
080 |a 885.4-3  |2 1981 
100 1 |a Trnkalová, Lucia  |4 aut  |9 1391547 
245 1 0 |a Pivo  |c Lucia Trnkalová 
500 |a Inform. o aut. 
650 0 7 |a poviedky psychologické  |2 snkbucl  |9 893883 
655 7 |a články z novín a časopisov  |2 snkbucl  |9 267496 
773 0 |t Dotyky  |g Roč. 9, č. 6 (1997), s. 37-38 
850 |a Slovenská národná knižnica 
852 |a Slovenská národná knižnica 
958 |a article15 
958 |a OND 
958 |a LX 
958 |a SK 
958 |a RK 
958 |a EUIPO 
992 |a RBX 
999 |c 2829125  |d 2831055